000 00517nam a2200205Ia 4500
003 OSt
005 20260214123618.0
008 210210b2006 xxu||||| |||| 00| 0 eng d
040 _cAL
041 _aKannada
082 _a502 GONM
100 _aGONSALVES (Ita) and GONSALVES (Richard).
_9254934
245 _aMind matter science quiz.
260 _aMangalore
_bRangoli Publications
_c2006
300 _a191
650 _aScience Quiz
_9254935
690 _aQuiz
_9254936
906 _aSG04931
942 _2ddc
_cBK
999 _c115512
_d115512